Indian government and politics / (Record no. 70637)

MARC details
000 -LEADER
fixed length control field 00826nam a22002297a 4500
005 - DATE AND TIME OF LATEST TRANSACTION
control field 2012100800060.0
008 - FIXED-LENGTH DATA ELEMENTS--GENERAL INFORMATION
fixed length control field 121008t xxu||||| |||| 00| 0 eng d
010 ## - LCCN (DPL NO)
LC control number ENG-106035
020 ## - INTERNATIONAL STANDARD BOOK NUMBER
International Standard Book Number 9788120346499
Terms of availability 350.00
035 ## - SYSTEM CONTROL NUMBER
System control number EN-89568
037 ## - SOURCE OF ACQUISITION
Source of stock number/acquisition DBAD / PUB
040 ## - CATALOGING SOURCE
Original cataloging agency dpl
Language of cataloging English
082 ## - DEWEY DECIMAL CLASSIFICATION NUMBER
Classification number 320.0954
100 ## - MAIN ENTRY--PERSONAL NAME
Personal name Ghosh, Peu
9 (RLIN) 52944
245 ## - TITLE STATEMENT
Title Indian government and politics /
Statement of responsibility, etc by Peu Ghosh
260 ## - PUBLICATION, DISTRIBUTION, ETC. (IMPRINT)
Place of publication, distribution, etc New Delhi
Name of publisher, distributor, etc PHI Learning
Date of publication, distribution, etc 2012
270 ## - ADDRESS
Address M-97 Connaught Circus,
City New Delhi
Postal code 110012
300 ## - PHYSICAL DESCRIPTION
Extent xviii,486p.
Dimensions 24cm(pbk)
500 ## - GENERAL NOTE
General note Includes bibliographical references and index
942 ## - ADDED ENTRY ELEMENTS (KOHA)
Source of classification or shelving scheme Dewey Decimal Classification
Item type English Books
Call number suffix GHO
Classification part 320.0954
Holdings
Withdrawn status Lost status Source of classification or shelving scheme Damaged status Not for loan Collection code Home library Current library Date acquired Source of acquisition Cost, normal purchase price Total Checkouts Full call number Barcode Date last seen Copy number Cost, replacement price Koha item type
    Dewey Decimal Classification   Not For Loan Non-fiction D.B.Act.Division D.B.Act.Division 08/10/2012 DBAD/PUB 350.00   320.0954 GHO EN-89568 08/10/2012 1 350.00 English Books

© Delhi Public Library
Hit Counter
free hit counter